01080nam a2200253Ia 4500001000700000003000500007008004100012010001100053020004600064040000900110082001700119245014400136260007500280300001100355440006100366503001800427504003800445650007800483650004500561650007900606650007800685700003000763700003300793Z_6446CHAP220113s2012 xx 000 0 und d a169706 a13: 978-0-226-98803-0 \ 10: 0-226-98803-1 cCHAP a338.1873 I58 aThe intended and unintended effects of U.S. agricultural and biotechnology policies /ceditor Joshua S. Graff Zivin y Jeffrey M. Perloff. aEstados Unidos de América :bThe University of Chicago Press,c2012 a298 p. a(National Bureau of Economic Research conference report) aej.1: consumo aIncluye bibliografía e índice aAgricultura y energía xx Política gubernamental xx Estados Unidos aAgricultura y estado xx Estados Unidos aBiotecnología agricola xx Política gubernamental xx Estados Unidos aSubsidios agrícolas xx Política gubernamental xx Estados Unidos a Perloff, Jeffrey M., ed. aGraff Zivin, Joshua S., ed.